Οργανική χημεία : Γ λυκείου
Αποθηκεύτηκε σε:
| Κύριος συγγραφέας: | |
|---|---|
| Μορφή: | Βιβλίο |
| Γλώσσα: | Greek |
| Δημοσίευση: |
Αθήνα :
Οργανισμός Εκδόσεως Διδακτικών Βιβλίων,
1979
|
| Θέματα: | |
| Ετικέτες: |
Προσθήκη ετικέτας
Δεν υπάρχουν, Καταχωρήστε ετικέτα πρώτοι!
|
MARC
| LEADER | 00000cam a2200000 i 4500 | ||
|---|---|---|---|
| 001 | 1/92804 | ||
| 008 | 080829s1979 gr | ||| |||| ||gre|| | ||
| 035 | |l 10099763 | ||
| 040 | |a GR-MY-UA |b gre |e aacr | ||
| 041 | 0 | |a gre | |
| 082 | 0 | |a 547.00712 |2 (22) | |
| 100 | 1 | |a Βάρβογλης, Γεώργιος Α. | |
| 245 | 1 | 0 | |a Οργανική χημεία : |b Γ λυκείου / |c Γεωργίου Βαρβόγλη |
| 260 | |a Αθήνα : |b Οργανισμός Εκδόσεως Διδακτικών Βιβλίων, |c 1979 | ||
| 300 | |a 235 σ.; |c 20 εκ. | ||
| 650 | 0 | 0 | |a Chemistry, Organic |x Problems, exercises, etc. |
| 650 | 0 | 0 | |a Education, Higher |z Greece. |
| 852 | |a INST |b RHODES |c AKA |e 20080829 |h 547.00712 ΒΑΡ |p 005400027438 |q 005400027438 |t BK |y 0 | ||
| 901 | |a BIBL4-2008-2 | ||
| 909 | |a Ρ |b 152772 | ||
| 970 | |a ΚΟΖΑ |b ΜΑΡΙΑ |z 2008/08/29 | ||